00583nam a22001457a 4500008004100000020001900041050002000060100002200080245017400102250001300276260004900289300003300338500002000371650004600391170209b xxu||||| |||| 00| 0 eng d a 9781607973461 aRC675 .G54 2014 aGiedrimiene,Dalia aEssentials of cardiovascular physiology, pathophysiology & pharmacology :bworkbook with exercises, cases, problem-based activities & self-assessment/cDalia Giedrimiene aBeta ed. aRonkonkoma, NY : bLinus Learning, c©2014. aviii, 580p. :bill. ;c28cm. aIncludes index. a Cardiovascular Physiological Phenomena.